000 00337nam a2200145Ia 4500
008 191201s2008 xx 000 0 und d
082 _a658
_bGOT
100 _aGOPALAKRISHNAN, P
245 0 _aTextbook of Project Management
250 _aRep
260 _aN.Delhi
_bMacmillan
_c2008
300 _a400
650 _aMBA
942 _2ddc
_cBK
999 _c3948
_d3948